[Event "Sportland NRW Cup"]
[Site "Senden GER"]
[Date "2001.10.14"]
[Round "2"]
[White "Rott,G"]
[Black "Lingnau,C"]
[Result "0-1"]
[WhiteElo "2156"]
[BlackElo "2423"]

1.e4 c5 2.c3 Nf6 3.e5 Nd5 4.d4 cxd4 5.Nf3 e6 6.cxd4 d6 7.Bc4 Nc6 8.O-O Be7
9.Qe2 O-O 10.a3 Qc7 11.Bd2 dxe5 12.dxe5 Rd8 13.Nc3 Nb6 14.Ba2 a6 15.Rfe1 Nd7
16.Rac1 Nc5 17.Bb1 Nb3 18.Rcd1 Nxd2 19.Rxd2 Rxd2 20.Qxd2 Bd7 21.Qd3 g6 22.Ne4 Rd8
23.Qc3 Bc8 24.Ba2 Qb6 25.Qc1 Kg7 26.h4 Nd4 27.Nfg5 h6 28.Nxf7 Kxf7 29.Qxh6 Rg8
30.h5 gxh5 31.Re3 Qxb2 32.Qxh5+ Kf8 33.Qh6+ Ke8 34.Nf6+ Bxf6 35.exf6 Qc1+
36.Kh2 Nf3+  0-1

[Event "Sportland NRW Cup"]
[Site "Senden GER"]
[Date "2001.10.15"]
[Round "3"]
[White "Goreskul,A"]
[Black "Sandipan,C"]
[Result "0-1"]
[WhiteElo "2180"]
[BlackElo "2404"]

1.e4 c5 2.c3 Nf6 3.e5 Nd5 4.g3 d6 5.exd6 e6 6.Bg2 Bxd6 7.Ne2 O-O 8.O-O Nc6
9.d4 cxd4 10.Nxd4 Nxd4 11.Qxd4 Qc7 12.Nd2 Bd7 13.Ne4 Bb5 14.Rd1 Be7 15.Bg5 f6
16.Be3 Rfd8 17.Qd2 Rac8 18.Qe1 h6 19.Nd2 Be8 20.Bh3 Bf7 21.Nb3 a6 22.Bd4 f5
23.Bg2 Bd6 24.f4 Re8 25.Qf2 b5 26.Rac1 Rb8 27.Nd2 Nf6 28.c4 Ng4 29.Qe2 e5
30.c5 exd4 31.cxd6 Qxd6 32.Qd3 Re3 33.Qxf5 Be6 34.Qg6 d3 35.Ne4 Rxe4 36.Bxe4 Qd4+
37.Kh1 Nf2+ 38.Kg2 Bh3+ 39.Kf3 Nxe4 40.Rc7 Ng5+ 41.fxg5 Rf8+  0-1

[Event "Sportland NRW Cup"]
[Site "Senden GER"]
[Date "2001.10.15"]
[Round "3"]
[White "Krivolapov,K"]
[Black "Kacheishvili,G"]
[Result "0-1"]
[WhiteElo "2383"]
[BlackElo "2583"]

1.e4 c5 2.c3 Nf6 3.e5 Nd5 4.g3 d6 5.exd6 Qxd6 6.Bg2 Nc6 7.Nf3 Qe6+ 8.Kf1 Qd7
9.d4 e6 10.Nbd2 cxd4 11.Nxd4 Nxd4 12.cxd4 Bd6 13.Ne4 O-O 14.h3 b6 15.Kg1 Bb7
16.Kh2 Rad8 17.Nxd6 Qxd6 18.Qe2 Bc6 19.Bg5 Rc8 20.Rac1 Nb4 21.Bf4 Qd7 22.a3 Bxg2
23.Kxg2 Nc6 24.Qb5 Qb7  0-1

[Event "World Seniors"]
[Site "Arco ITA"]
[Date "2001.10.17"]
[Round "1"]
[White "Kruek,J"]
[Black "Arkhangelsky,B"]
[Result "1-0"]
[WhiteElo "2040"]
[BlackElo "2416"]

1.e4 c5 2.c3 Nf6 3.e5 Nd5 4.d4 cxd4 5.cxd4 e6 6.Nc3 Nxc3 7.bxc3 Qc7 8.Bd2 b6
9.Nf3 Bb7 10.Bd3 d6 11.O-O Nd7 12.Qe2 dxe5 13.Nxe5 Nxe5 14.dxe5 Be7 15.Rfe1 O-O-O
16.Ba6 Bxa6 17.Qxa6+ Qb7 18.Qxb7+ Kxb7 19.Re2 Rd3 20.a4 Rhd8 21.Be1 Rd1 22.Rxd1 Rxd1
23.Kf1 Ra1 24.Re4 Ra2 25.Rg4 g5 26.h4 h5 27.Rd4 Kc6 28.f3 a5 29.Rc4+ Kd7
30.hxg5 Bxg5 31.f4 Bd8 32.Bf2 Rb2 33.Rd4+ Kc8 34.Rc4+ Bc7 35.Bh4 Rd2 36.Be7 Kd7
37.Bh4 Kc8 38.Bf2 Kb7 39.Ke1 Rc2 40.g3 Rb2 41.Be3 Bd8 42.Bd2 b5 43.axb5 Rxb5
44.Ke2 Rd5 45.Ra4 Ka6 46.c4 Rd7 47.Ra1 Rd4 48.Rc1 Kb7 49.Be3 Rd7 50.Rh1 Kc6
51.Rxh5 Bb6 52.Rh8 Bxe3 53.Kxe3 Kc5 54.Ra8 Kb4 55.c5 Rd5 56.c6 Rc5 57.Rc8 Kb5
58.Rc7 Rxc6 59.Rxf7 Rc3+ 60.Kd4 Rxg3 61.Rf6 Rb3 62.Rxe6 Rb4+ 63.Ke3 a4 64.Re8 a3
65.Rb8+ Kc4 66.Ra8 Kb3 67.e6  1-0

[Event "TCh-SLO"]
[Site "Bled SLO"]
[Date "2001.10.19"]
[Round "2"]
[White "Jeric,S"]
[Black "Lazar,Ales ml"]
[Result "0-1"]
[WhiteElo "2313"]
[BlackElo "2274"]

1.e4 c5 2.c3 Nf6 3.e5 Nd5 4.Bc4 e6 5.Nf3 d6 6.O-O Be7 7.d4 cxd4 8.cxd4 O-O
9.Bd2 b6 10.Qe2 Bb7 11.Nc3 Nxc3 12.Bxc3 Nd7 13.Rfd1 dxe5 14.dxe5 Qc7 15.Bb3 Rfd8
16.Rac1 Nc5 17.Bd4 Rac8 18.Bc2 a5 19.a3 Qb8 20.Qe3 Bd5 21.Ne1 Rc6 22.b4 axb4
23.axb4 Nd7 24.Nd3 Rdc8 25.Bb1 Qa8 26.Rxc6 Rxc6 27.Nf4 Qa4 28.Rf1 Bc4 29.Qe4 Nf8
30.Bc2 Qb5 31.Rb1 Bd5 32.Nxd5 exd5 33.Qd3 Qc4 34.Rb2 Bxb4 35.Qxc4 Rxc4 36.Bxb6 Bc3
37.Rb5 Bxe5 38.Bd1 Bd4 39.Bxd4 Rc1 40.f3 Rxd1+ 41.Kf2 Rxd4 42.Ke3 Rh4 43.h3 d4+
44.Kf2 g6 45.Rb8 Kg7 46.Rd8 Ne6 47.Rd7 Rh5 48.Rd6 Rc5 49.f4 Kf6 50.Rd7 Rc8
51.g3 Rd8 52.Ra7 d3 53.Ra1 d2 54.Rd1 Kf5 55.Ke3 h5  0-1

[Event "Sportland NRW Cup"]
[Site "Senden GER"]
[Date "2001.10.19"]
[Round "7"]
[White "Krivolapov,K"]
[Black "Stoeckmann,H"]
[Result "1-0"]
[WhiteElo "2383"]
[BlackElo "2164"]

1.e4 c5 2.c3 Nf6 3.e5 Nd5 4.g3 d6 5.exd6 Qxd6 6.Bg2 Nc6 7.Ne2 e5 8.O-O Be7
9.d4 cxd4 10.cxd4 exd4 11.Nxd4 Nxd4 12.Qxd4 Nf6 13.Qxd6 Bxd6 14.Re1+ Be6
15.Bxb7 Rb8 16.Bf3 O-O 17.b3 Rfc8 18.Ba3 Bc7 19.Nd2 Ba5 20.Re2 Bc3 21.Rc1 Bd4
22.Rxc8+ Rxc8 23.Ne4 a5 24.Nxf6+ gxf6 25.Kg2 Bb6 26.Bb2 Kg7 27.h4 h6 28.g4 a4
29.g5 hxg5 30.hxg5 Bd8 31.bxa4 Rc4 32.Re4 Rc2 33.Rb4 Rd2 34.a5 Bxa5 35.Bxf6+ Kg6
36.Be4+ Kh5 37.Rb5 Bd8 38.g6+ Kh6 39.g7  1-0

[Event "TCh-SLO"]
[Site "Bled SLO"]
[Date "2001.10.20"]
[Round "3"]
[White "Sveshnikov,E"]
[Black "Kozul,Z"]
[Result "1/2-1/2"]
[WhiteElo "2556"]
[BlackElo "2569"]

1.e4 c5 2.c3 Nf6 3.e5 Nd5 4.Nf3 Nc6 5.Bc4 e6 6.O-O d6 7.d4 cxd4 8.cxd4 Be7
9.Qe2 O-O 10.Re1 Qb6 11.Qe4 dxe5 12.dxe5 Bc5 13.Re2 Nd4 14.Nxd4 Bxd4 15.Rd2 Bc5
16.Nc3 Nxc3 17.bxc3 Rd8 18.Rxd8+ Qxd8 19.Be3 Bxe3 20.Qxe3 Bd7 21.Rd1 Qc7
22.Bb3 a5 23.h4 Be8 24.h5 h6 25.Rd4 a4 26.Bc2 Kf8 27.f4 Qc5 28.Kf2 b5 29.Ke2 Rc8
30.Kd2 Bc6 31.g4 Bd5 32.g5 Ke7 33.a3 Qxa3 34.f5 hxg5 35.Qxg5+ Ke8 36.Qg3 Qc5
37.f6 gxf6 38.exf6 a3 39.Qg8+ Qf8 40.Qxf8+ Kxf8 41.h6 Kg8 42.Rg4+ Kh8 43.Rg7 e5
44.Rh7+  1/2-1/2

[Event "Lasker Autumn IM"]
[Site "Bucharest ROM"]
[Date "2001.10.20"]
[Round "8"]
[White "Murariu,A"]
[Black "Voicu,C"]
[Result "1/2-1/2"]
[WhiteElo "2348"]
[BlackElo "2205"]

1.e4 c5 2.c3 Nf6 3.e5 Nd5 4.d4 cxd4 5.Nf3 e6 6.cxd4 Nc6 7.Bc4 d6 8.O-O Nb6
9.Bb3 dxe5 10.dxe5 Qxd1 11.Rxd1 Bd7 12.Nc3 Na5 13.Nd4 a6 14.Ne4 Nxb3 15.axb3 Nd5
16.Bg5 h6 17.Bh4 Rc8 18.Nd2 Bb4 19.Nc4 O-O 20.f3 Bc6 21.Bf2 Rfd8 22.Nxc6 Rxc6
23.Ne3 Bc5 24.Nc4 Bxf2+ 25.Kxf2 Rdc8 26.Rd2 Kf8 27.Rad1 Ke7 28.f4 R8c7 29.f5 b5
30.Nd6 Rc2 31.fxe6 fxe6 32.Kf3 Nb4 33.Ke4 R7c5 34.Nb7 Rc7 35.Nd6 R7c5 36.Nb7 Rc7
37.Na5 Nd5 38.Kf3 Ke8 39.Ke4 Kd8 40.g3 Kc8 41.Nc4 Rxd2 42.Nd6+ Kd7 43.Rxd2 Rc1
44.Kf3 Rf1+ 45.Rf2 Rxf2+ 46.Kxf2 Nb4 47.Ke3 Nc6 48.Ke4 Na5 49.b4 Nc6 50.h4 Nxb4
51.g4 Nc6 52.h5 b4 53.Nb7 a5 54.Nc5+ Ke7 55.b3 Kf7 56.Nb7 Ke7 57.Nc5  1/2-1/2

[Event "Lasker Autumn GM"]
[Site "Bucharest ROM"]
[Date "2001.10.21"]
[Round "9"]
[White "Vajda,S"]
[Black "Golubev,M"]
[Result "1/2-1/2"]
[WhiteElo "2352"]
[BlackElo "2530"]

1.e4 c5 2.c3 Nf6 3.e5 Nd5 4.d4 cxd4 5.Nf3 Nc6 6.Bc4 Nb6 7.Bb3 g6 8.Ng5 d5
9.exd6 e6 10.Qf3 Ne5  1/2-1/2

[Event "TCh-CZE 2001-2"]
[Site "CZE"]
[Date "2001.10.21"]
[Round "2"]
[White "Folk,P"]
[Black "Antoniewski,R"]
[Result "1/2-1/2"]
[WhiteElo "2278"]
[BlackElo "2445"]

1.e4 c5 2.c3 Nf6 3.e5 Nd5 4.d4 cxd4 5.Nf3 e6 6.cxd4 b6 7.Nc3 Nxc3 8.bxc3 Qc7
9.Bd2 Bb7 10.Bd3 d6 11.O-O Be7 12.Re1 Nd7 13.Bf4 O-O 14.Re3 g6 15.h4 Bxf3
16.Qxf3 dxe5 17.dxe5 Bxh4 18.Rae1 Nc5  1/2-1/2

[Event "WYG18"]
[Site "Oropesa del Mar ESP"]
[Date "2001.10.21"]
[Round "1"]
[White "Shukurova,M"]
[Black "Urosevic,M"]
[Result "1-0"]
[WhiteElo "2264"]
[BlackElo "2049"]

1.e4 c5 2.c3 Nf6 3.e5 Nd5 4.d4 cxd4 5.Nf3 e6 6.Bc4 d6 7.cxd4 Nc6 8.a3 Nb6
9.Bd3 dxe5 10.dxe5 Nd7 11.Bb5 Qa5+ 12.Nc3 Bb4 13.axb4 Qxa1 14.O-O a5 15.Bxc6 bxc6
16.b5 cxb5 17.Nd4 b4 18.Nb3 Qxc1 19.Qxc1 bxc3 20.Qxc3 O-O 21.Nxa5 Ba6 22.Re1 Rfc8
23.Qd4 Nc5 24.h3 Rab8 25.Rc1 Nb7 26.Rxc8+ Rxc8 27.Nxb7 Bxb7 28.Qd7 Ba6 29.b4 g6
30.b5 Rc1+ 31.Kh2 Bxb5 32.Qxb5  1-0

[Event "5th Itau Cup"]
[Site "Sao Paulo BRA"]
[Date "2001.10.21"]
[Round "9"]
[White "Pelikian,J"]
[Black "Leitao,R"]
[Result "0-1"]
[WhiteElo "2410"]
[BlackElo "2581"]

1.e4 c5 2.c3 Nf6 3.e5 Nd5 4.d4 cxd4 5.Nf3 e6 6.cxd4 d6 7.Nc3 Nxc3 8.bxc3 Qc7
9.Bd2 Nd7 10.exd6 Bxd6 11.Bd3 b6 12.Qe2 Bb7 13.O-O O-O 14.Be4 Bxe4 15.Qxe4 Rac8
16.a4 Nf6 17.Qb1 Nd5 18.Rc1 Qc4 19.Ng5 Nf6 20.Ne4 Nxe4 21.Qxe4 Rfd8 22.Re1 Bf8
23.Re3 Rd5 24.Rh3 g6 25.Qh4 Rh5 26.Qg4 Ra5 27.Qd1 Bg7 28.Be1 e5 29.Rd3 Rd8
30.Rd2 Rad5 31.Rc2 exd4 32.cxd4 Qxd4 33.Qxd4 Rxd4 34.Raa2 Rd1 35.Kf1 Rb1
36.f4 Bf8 37.Rab2 Rxb2 38.Rxb2 Rd4 39.a5 Rxf4+ 40.Ke2 Bc5 41.Bg3 Ra4 42.axb6 axb6
43.Bc7 Ra7 44.Bf4 Rd7 45.g4 f6 46.h4 Kf7 47.Kf3 Ke6 48.h5 Rd3+ 49.Ke2 Rd4
50.Kf3 Kd5 51.Ra2 Rd3+ 52.Kg2 Ke4 53.Bg3 gxh5 54.gxh5 f5 55.Ra7 f4 56.Be1 f3+
57.Kf1 Rd1 58.h6 f2 59.Ra4+ Kf5  0-1

[Event "Panormo Open"]
[Site "Crete GRE"]
[Date "2001.10.22"]
[Round "4"]
[White "Tzermiadianos,And"]
[Black "Petrov,M"]
[Result "0-1"]
[WhiteElo "2439"]
[BlackElo "2451"]

1.e4 c5 2.c3 Nf6 3.e5 Nd5 4.Nf3 e6 5.Bc4 d6 6.d4 cxd4 7.cxd4 Nc6 8.O-O Be7
9.Qe2 O-O 10.Rd1 Na5 11.Bd3 Nb4 12.exd6 Qxd6 13.Be4 f5 14.Bd3 Nxd3 15.Qxd3 a6
16.Bg5 Bxg5 17.Nxg5 b5 18.Qa3 Qxa3 19.Nxa3 h6 20.Nf3 Bb7 21.Ne5 Rac8 22.Rac1 Nc6
23.Nc2 Nxe5 24.dxe5 Rc5 25.Ne3 Rxc1 26.Rxc1 f4 27.Nf1 Rd8 28.f3 Rd4 29.b3 a5
30.Rc7 Bd5 31.Rc8+ Kf7 32.Rb8 b4 33.Kf2 Rd1 34.Rb5 Ra1 35.Rxa5 Bxb3 36.Ra7+ Kg6
37.Rb7 Rxa2+ 38.Kg1 Ra4 39.g3 Bd5 40.Rb6 Kf5 41.Rb8 g5 42.g4+ Kxe5 43.Kg2 Ra2+
44.Kh3 Bc4 45.Nd2 Rxd2 46.Rb5+ Rd5  0-1

[Event "Lasker Autumn GM"]
[Site "Bucharest ROM"]
[Date "2001.10.23"]
[Round "11"]
[White "Vajda,L"]
[Black "Vasiesiu,D"]
[Result "1/2-1/2"]
[WhiteElo "2489"]
[BlackElo "2440"]

1.e4 c5 2.c3 Nf6 3.e5 Nd5 4.d4 cxd4 5.Nf3 e6 6.cxd4 d6 7.Nc3 Nxc3 8.bxc3 Qc7
9.Bd2 Nd7 10.exd6 Bxd6  1/2-1/2

[Event "WYG18"]
[Site "Oropesa del Mar ESP"]
[Date "2001.10.23"]
[Round "3"]
[White "Shukurova,M"]
[Black "Milliet,S"]
[Result "0-1"]
[WhiteElo "2264"]
[BlackElo "2136"]

1.e4 c5 2.c3 Nf6 3.e5 Nd5 4.d4 cxd4 5.Nf3 e6 6.cxd4 b6 7.a3 Bb7 8.Bd3 d6
9.Qe2 Nd7 10.Bd2 Qc7 11.Nc3 Nxc3 12.Bxc3 Rc8 13.O-O dxe5 14.dxe5 Be7 15.Rfd1 O-O
16.Bxh7+ Kxh7 17.Qd3+ g6 18.Qxd7 Bxf3 19.gxf3 Kg7 20.Qxc7 Rxc7 21.Rd4 Rh8
22.Rad1 Bxa3 23.Rd7 Rhc8 24.Rd8 Rxd8 25.Rxd8 Be7 26.Rb8 Rd7 27.Kf1 Bc5 28.Ke2 Bd4
29.Rc8 Rd5 30.Bxd4 Rxd4 31.Ke3 Rb4 32.Rc2 g5 33.Kd3 Rb3+ 34.Kc4 Rxf3 35.Kb5 Rh3
36.Ka6 Rxh2 37.Kxa7 b5 38.Kb6 g4 39.Kxb5 g3 40.Rc3 gxf2 41.Rf3 f1=Q+ 42.Rxf1 Rxb2+
43.Kc4 Rd2 44.Rg1+ Kh6 45.Rf1 Kg6 46.Rf6+ Kg7 47.Rf1 Rd5 48.Rg1+ Kh6 49.Rf1 Kg6
50.Rg1+ Kf5 51.Rf1+ Kxe5 52.Rxf7 Rd1 53.Rf2 Kd6 54.Rf3 Ke5 55.Rf2 Rd4+ 56.Kc3 Kd5
57.Rh2 e5 58.Rh8 Ke6 59.Rh6+ Kf5 60.Rh5+ Kf6 61.Rh6+ Kg5 62.Re6 Kf5 63.Rh6 Rd1
64.Rh5+ Kf4 65.Rh4+ Kg5 66.Rh8 e4 67.Kc2 Rd6 68.Rf8 Kg4 69.Rg8+ Kf3 70.Rf8+ Ke2
71.Re8 Rc6+ 72.Kb2 e3 73.Kb3 Kd2 74.Rd8+ Ke1 75.Re8 e2 76.Re7 Rf6  0-1

[Event "Lasker Autumn GM"]
[Site "Bucharest ROM"]
[Date "2001.10.24"]
[Round "12"]
[White "Podinic,V"]
[Black "Parligras,M"]
[Result "0-1"]
[WhiteElo "2366"]
[BlackElo "2431"]

1.e4 c5 2.c3 Nf6 3.d3 Nc6 4.f4 g6 5.Nf3 Bg7 6.g3 O-O 7.Bg2 b5 8.O-O Rb8 9.e5 Nd5
10.Ng5 Nb6 11.d4 cxd4 12.cxd4 d5 13.b3 f6 14.Nf3 Na8 15.Nc3 Nc7 16.Bb2 Bg4
17.h3 Bxf3 18.Bxf3 e6 19.Rc1 Qd7 20.Ne2 Rbc8 21.Qd2 a5 22.a3 a4 23.bxa4 bxa4
24.Rc2 Na8 25.Nc1 Nb6 26.Be2 Nc4 27.Bxc4 dxc4 28.exf6 Bxf6 29.Rxc4 Qd5 30.Rc5 Qd6
31.Qf2 Rb8 32.Ba1 Rb1 33.Ne2 Rxa1 34.Rxa1 Nxd4  0-1

[Event "Lasker Autumn GM"]
[Site "Bucharest ROM"]
[Date "2001.10.25"]
[Round "13"]
[White "Vajda,S"]
[Black "Vasiesiu,D"]
[Result "1/2-1/2"]
[WhiteElo "2352"]
[BlackElo "2440"]

1.e4 c5 2.c3 Nf6 3.e5 Nd5 4.d4 cxd4 5.Nf3 e6 6.cxd4 d6 7.Bc4 Nd7 8.Bxd5 exd5
9.O-O Be7 10.exd6 Bxd6 11.Re1+ Kf8 12.Nc3 Nb6 13.Ne5 Be6 14.Qh5 Kg8 15.Bf4 g6
16.Qf3 Qf6 17.Qg3  1/2-1/2

[Event "WYB18"]
[Site "Oropesa del Mar ESP"]
[Date "2001.10.26"]
[Round "6"]
[White "Erenburg,S"]
[Black "Teterev,V"]
[Result "1-0"]
[WhiteElo "2421"]
[BlackElo "2301"]

1.e4 c5 2.c3 Nf6 3.e5 Nd5 4.g3 d6 5.exd6 e6 6.Bg2 Bxd6 7.Nf3 Nc6 8.O-O O-O
9.Na3 Nde7 10.d3 b6 11.Nc4 Bc7 12.a4 Rb8 13.Qe2 a6 14.h4 Bb7 15.Rd1 b5 16.axb5 axb5
17.Ne3 Na5 18.Qc2 b4 19.d4 b3 20.Qe2 Qd6 21.h5 h6 22.Ng4 Nf5 23.Nge5 cxd4
24.Bf4 Qe7 25.Nxd4 Bxg2 26.Kxg2 Nxd4 27.Rxd4 Bxe5 28.Bxe5 Nc6 29.Rd6 Rbc8
30.Rad1 Qg5 31.Bf4 Qf5 32.Qf3 Na5 33.Rb6 Nc4 34.Rxb3 e5 35.Rb5 Qc2 36.Rc1 Qa4
37.Rb4 Qa5 38.Be3 f5 39.Rb7 f4 40.gxf4 exf4 41.Bd4 Rc7 42.Rxc7 Qxc7  1-0

[Event "Chigorin Mem Open"]
[Site "St Petersburg RUS"]
[Date "2001.10.26"]
[Round "1"]
[White "Potkin,V"]
[Black "Smirnov,Ar"]
[Result "1-0"]
[WhiteElo "2483"]
[BlackElo "2283"]

1.e4 c5 2.c3 Nf6 3.e5 Nd5 4.Nf3 Nc6 5.d4 cxd4 6.cxd4 d6 7.Bc4 Nb6 8.Bb5 dxe5
9.Nxe5 Bd7 10.Nxd7 Qxd7 11.Nc3 e6 12.O-O Be7 13.Qg4 O-O 14.Bxc6 bxc6 15.Bh6 Bf6
16.Rfd1 Kh8 17.Ne4 Qe7 18.Bg5 Bxg5 19.Qxg5 Qxg5 20.Nxg5 Nd5 21.Rac1 Rab8
22.Rd2 Rb6 23.Rc4 Ra6 24.b3 Kg8 25.Ne4 Rc8 26.Kf1 h6 27.Ke1 Rb8 28.Nc5 Ra3
29.Kd1 Rb4 30.Rcc2 Rb5 31.Kc1 Nb6 32.Kb2 Raa5 33.a3 Na4+ 34.Nxa4 Rxa4 35.Rxc6 Raa5
36.b4 Rb7 37.Rc5 Ra6 38.Rdc2 Rd7 39.R2c4 Rad6 40.Kc3 Ra6 41.Kb3 Rad6 42.a4 f6
43.a5 f5 44.Kc3  1-0

[Event "WYB14"]
[Site "Oropesa del Mar ESP"]
[Date "2001.10.28"]
[Round "7"]
[White "Ragger,M"]
[Black "Movsisian,V"]
[Result "1/2-1/2"]
[WhiteElo "2163"]
[BlackElo "2246"]

1.e4 c5 2.c3 Nf6 3.e5 Nd5 4.d4 cxd4 5.Nf3 Nc6 6.Bc4 Nb6 7.Bb3 e6 8.cxd4 d6
9.exd6 Qxd6 10.O-O Be7 11.Nc3 O-O 12.Ne4 Qc7 13.a3 Nd5 14.Qd3 Nf4 15.Qe3 Nd5
16.Qd3 Nf4  1/2-1/2

[Event "WYB18"]
[Site "Oropesa del Mar ESP"]
[Date "2001.10.29"]
[Round "8"]
[White "Erenburg,S"]
[Black "Paragua,M"]
[Result "1-0"]
[WhiteElo "2421"]
[BlackElo "2447"]

1.e4 c5 2.c3 Nf6 3.e5 Nd5 4.g3 Nc6 5.Bg2 e6 6.Qe2 d6 7.exd6 Qxd6 8.Nf3 Be7
9.O-O O-O 10.Na3 Bf6 11.Nc4 Qc7 12.a4 b6 13.d3 Bb7 14.Bd2 a6 15.Bg5 Bxg5
16.Nxg5 Rad8 17.f4 h6 18.Ne4 Nce7 19.Qf2 a5 20.Ne5 Kh8 21.Rae1 f6 22.Nc4 Bc6
23.Qc2 Nf5 24.Rf2 Rde8 25.Rfe2 Nde7 26.Qb3 Rb8 27.Nf2 Bd7 28.Bf3 Nd5 29.Na3 g5
30.Bxd5 exd5 31.fxg5 Nxg3 32.Re7 Nf5 33.Qxd5 Nxe7 34.Rxe7 Bc6 35.Rxc7 Bxd5
36.g6 Bf7 37.gxf7 Kg7 38.Nc4 Rxf7 39.Rc6 f5 40.Nxb6 Re8 41.Rxc5 Re1+ 42.Kg2 f4
43.Nc4 f3+ 44.Kh3 Rf1 45.Nd6 Rd7 46.Nde4 Rb7 47.Kg3 Rxb2 48.Kxf3 Ra2 49.Rxa5 Rfa1
50.Ra7+ Kg6 51.Nh3  1-0

[Event "WYG18"]
[Site "Oropesa del Mar ESP"]
[Date "2001.10.30"]
[Round "9"]
[White "Richards,H"]
[Black "Shtereva,S"]
[Result "1-0"]
[WhiteElo "2212"]
[BlackElo "2089"]

1.e4 c5 2.c3 Nf6 3.e5 Nd5 4.Nf3 e6 5.d4 cxd4 6.cxd4 d6 7.Bc4 Nb6 8.Bd3 Nc6
9.Nc3 dxe5 10.dxe5 Nb4 11.Be4 Qxd1+ 12.Kxd1 Bc5 13.Ke2 Rb8 14.Rd1 Bd7 15.a3 Na6
16.b4 Be7 17.Be3 Bc6 18.Bxb6 axb6 19.Nd4 Bxe4 20.Nxe4 Nc7 21.Rac1 Nd5 22.g3 O-O
23.Nb5 f5 24.Nec3 Nxc3+ 25.Rxc3 Rfd8 26.Rxd8+ Bxd8 27.f4 Kf8 28.h3 Ke7 29.g4 g6
30.Kd3 Kd7 31.Kd4 Rc8 32.Rxc8 Kxc8 33.Nd6+ Kc7 34.g5 Kd7 35.Nxb7 Be7 36.Nd6 Bxd6
37.exd6 Kxd6 38.a4 Kc6 39.Ke5 Kd7 40.a5 b5 41.h4  1-0

[Event "WYB18"]
[Site "Oropesa del Mar ESP"]
[Date "2001.11.01"]
[Round "10"]
[White "Erenburg,S"]
[Black "Mastrovasilis,D"]
[Result "1-0"]
[WhiteElo "2421"]
[BlackElo "2426"]

1.e4 c5 2.c3 Nf6 3.e5 Nd5 4.g3 Nc6 5.Bg2 Qc7 6.f4 e6 7.Qe2 Be7 8.Nf3 a6 9.d3 b5
10.c4 Nb6 11.b3 Bb7 12.Bb2 O-O 13.O-O bxc4 14.dxc4 a5 15.Nbd2 a4 16.Ne4 Nb4
17.Nf6+ Bxf6 18.exf6 g6 19.f5 Bxf3 20.Qxf3 Kh8 21.fxg6  1-0

[Event "TCh-AUT 2001-2"]
[Site "Moerbisch AUT"]
[Date "2001.11.02"]
[Round "3"]
[White "Penz,H"]
[Black "Wittmann,W"]
[Result "1/2-1/2"]
[WhiteElo "2351"]
[BlackElo "2356"]

1.e4 c5 2.c3 Nf6 3.e5 Nd5 4.d4 cxd4 5.Nf3 e6 6.cxd4 d6 7.Nc3 Nxc3 8.bxc3 Qc7
9.Qb3 Nd7 10.exd6 Bxd6 11.Bd3 O-O 12.O-O b6 13.Be4 Rb8 14.Ba3 Bb7 15.Bxd6  1/2-1/2

[Event "WYG18"]
[Site "Oropesa del Mar ESP"]
[Date "2001.11.02"]
[Round "11"]
[White "Shukurova,M"]
[Black "Helm,L"]
[Result "0-1"]
[WhiteElo "2264"]
[BlackElo "2138"]

1.e4 c5 2.c3 Nf6 3.e5 Nd5 4.d4 cxd4 5.Nf3 Nc6 6.Bc4 Nb6 7.Bb3 d5 8.exd6 Qxd6
9.O-O Be6 10.Na3 dxc3 11.Nb5 Qxd1 12.Rxd1 Rc8 13.Bxe6 fxe6 14.Nxc3 g6 15.Ng5 e5
16.Ne6 Kf7 17.Nc5 Nd4 18.Nxb7 Nc4 19.b4 Rb8 20.Na5 Nxa5 21.bxa5 Bg7 22.Bd2 Rhc8
23.Ne4 Rb2 24.Rdb1 Rcc2 25.Rxb2 Rxb2 26.Kf1 Ke6 27.Bc3 Rc2 28.Bb4 Bh6 29.a3 Kd5
30.Re1 Nb3 31.Bxe7 Nxa5 32.Nf6+ Ke6 33.Ng4 Bg7 34.Ne3 Ra2 35.Bb4 Nc6 36.Bc5 e4
37.Rd1 Ra1 38.Ke2 Rxd1 39.Kxd1 Bd4 40.Bxd4 Nxd4 41.Kd2 Kd6 42.Kc3 Kc5 43.Ng4 Nb5+
44.Kb3 Kd4 45.Kb4 Nc3 46.Ne3 Kd3 47.a4 Nxa4 48.Kxa4 Ke2 49.Ng4 h5 50.f4 exf3
51.gxf3 hxg4 52.fxg4 Kf3 53.h3 Kg3  0-1

[Event "EuTChw"]
[Site "Leon ESP"]
[Date "2001.11.06"]
[Round "1"]
[White "Shukurova,M"]
[Black "Petrenko,S"]
[Result "1/2-1/2"]
[WhiteElo "2264"]
[BlackElo "2336"]

1.e4 c5 2.c3 Nf6 3.e5 Nd5 4.d4 cxd4 5.Nf3 Nc6 6.Bc4 Nb6 7.Bb3 d5 8.exd6 e6
9.cxd4 Bxd6 10.O-O O-O 11.Nc3 h6 12.a3 Nd5 13.Qd3 Nf4 14.Qe4 f5 15.Qc2 Kh8
16.g3 Nh3+ 17.Kg2 Ng5 18.Bxg5 hxg5 19.h3 Qf6 20.Rad1 Bd7 21.d5 exd5 22.Nxd5 Qh6
23.Qd2 f4 24.g4 Ne5 25.Nxe5 Bxe5 26.f3 Rae8 27.Qf2 Bb5 28.Rfe1 b6 29.a4 Bc6
30.Rh1 Qh4 31.Qxh4+ gxh4 32.Rd2 Bd6 33.Rc1 Bc5 34.Rcc2 Re5 35.Nc3 Rfe8 36.Bd5 Bxd5
37.Nxd5 Be3 38.Rd3 g5 39.Nf6 R8e6 40.Rd7 Re7 41.Rd8+ Kg7 42.Nh5+ Kf7 43.Rc6 R5e6
44.Rcc8 Re8 45.Rxe8 Rxe8 46.Rxe8 Kxe8 47.Nf6+ Ke7 48.Ne4 Bd4 49.b3 Bf6 50.Kf2 Ke6
51.Ke2 Be7 52.Nc3 Bf6 53.Ne4 Be7 54.Nc3 Bf6 55.Ne4  1/2-1/2

[Event "EuTChw"]
[Site "Leon ESP"]
[Date "2001.11.09"]
[Round "4"]
[White "Shukurova,M"]
[Black "Popova,N"]
[Result "1/2-1/2"]
[WhiteElo "2264"]
[BlackElo "2283"]

1.e4 c5 2.c3 Nf6 3.e5 Nd5 4.d4 cxd4 5.Nf3 e6 6.cxd4 d6 7.a3 Bd7 8.Bd3 Bc6
9.O-O Nd7 10.Re1 Rc8 11.Bd2 Be7 12.Nc3 Nxc3 13.Bxc3 O-O 14.Bc2 Re8 15.Qd3 Nf8
16.Rad1 Ng6 17.Qe3 Bd5 18.Ba4 Rf8 19.Bb4 dxe5 20.Bxe7 Qxe7 21.dxe5 Qc5 22.Nd4 Qb6
23.b4 Rc4 24.Rd3 Rfc8 25.Red1 Qc7 26.Bb3 Rc3 27.Rxc3 Qxc3 28.Qxc3 Rxc3 29.Bxd5 exd5
30.Nb5 Rc2 31.Nxa7 Ra2 32.Nb5 Nxe5 33.h3 Nc4 34.Rxd5 g6 35.Rd3 Nd2 36.h4 Ne4
37.Nc3 Nxc3 38.Rxc3 Kg7 39.g4 Kf6 40.Re3 h6 41.Kg2 Rb2 42.g5+ hxg5 43.Rf3+ Ke6
44.hxg5 Ra2 45.b5 Ra1 46.Kg3 Ra2 47.Re3+ Kf5 48.f4 f6 49.gxf6 Kxf6 50.Kf3 Kf5
51.Rb3 Ra1 52.b6 Ra2 53.Rb5+ Kf6 54.Ra5 Rb2  1/2-1/2

[Event "ch-NR"]
[Site "Novosibirsk RUS"]
[Date "2001.11.14"]
[Round "2"]
[White "Yudin,S"]
[Black "Solodovnikov,M"]
[Result "1/2-1/2"]
[WhiteElo "2337"]
[BlackElo "2261"]

1.e4 c5 2.c3 Nf6 3.e5 Nd5 4.Nf3 e6 5.d4 cxd4 6.cxd4 Nc6 7.a3 d6 8.Bd3 Be7
9.O-O O-O 10.Nc3 Nxc3 11.bxc3 dxe5 12.dxe5 f5 13.exf6 Bxf6 14.Qc2 h6 15.Rb1 a6
16.Rd1 Qa5 17.c4 e5 18.Qe2 Ne7 19.h3 Rd8 20.Be3 Rxd3 21.Qxd3 Bf5 22.Qb3 Bxb1
23.Rxb1 Qc7 24.Qxb7 Qxb7 25.Rxb7 Rc8 26.Nxe5 Nf5 27.Nd7 Nxe3 28.fxe3 Rxc4
29.Nxf6+ gxf6 30.Rb6 Ra4 31.Rxf6 Kg7 32.Rd6 Rxa3 33.Kf2 a5 34.Ra6 Ra1 35.Kf3 a4
36.Ke4 a3 37.Ke5 a2 38.e4 h5 39.g4 hxg4 40.hxg4 Kf7 41.Rf6+ Kg7 42.Rf2 Kg6
43.Kf4 Kf6 44.g5+ Kg6 45.Ke5 Kxg5 46.Re2 Kg4 47.Rb2 Kg3  1/2-1/2

[Event "EuTChw"]
[Site "Leon ESP"]
[Date "2001.11.15"]
[Round "9"]
[White "Blazkova,P"]
[Black "Gara,T"]
[Result "1/2-1/2"]
[WhiteElo "2214"]
[BlackElo "2348"]

1.e4 c5 2.c3 Nf6 3.e5 Nd5 4.d4 cxd4 5.Nf3 e6 6.cxd4 d6 7.Bc4 Nc6 8.O-O Be7
9.Qe2 a6 10.Nc3 Nxc3 11.bxc3 b5 12.exd6 Qxd6 13.Bd3 Bb7 14.Bg5 Rc8 15.Rfe1 h6
16.Bd2 Bf6 17.Rab1 Ba8 18.a4 Na7 19.axb5 Nxb5 20.Bxb5+ axb5 21.Qxb5+ Qc6
22.Ne5 Bxe5 23.Rxe5 Qxb5 24.Rbxb5 Kd7 25.Rec5 Rxc5 26.Rxc5 Rb8 27.h4 Rb1+
28.Kh2 Rb2 29.Be3 Bc6 30.Ra5 Kc7 31.c4 Rc2 32.d5 exd5 33.cxd5 Bb7 34.Ra7 Rb2
35.Bd4 Rb4 36.Bxg7 Rxh4+ 37.Kg3 Rh5 38.d6+ Kxd6 39.Rxb7 Rg5+ 40.Kf3 Rxg7
41.Rb6+ Ke5 42.Rxh6 f5 43.Ra6 Rb7 44.Ra5+ Kf6 45.Kg3 Rb8 46.Kf3 Rb7 47.Ra4 Kg5
48.Ra3 Rc7 49.g3 Rc4 50.Ra8 Rc3+ 51.Kg2 Rc2 52.Rg8+ Kf6 53.Re8 Kg5 54.Re1 Ra2
55.Re3 Rb2 56.Rf3 Rb4 57.Ra3 Rb2 58.Kf3 Rb4 59.Ke3 Rb6 60.Kd4 f4 61.Ra5+ Kg4
62.gxf4 Kxf4 63.Ra8 Rf6 64.Kd5 Rf5+ 65.Kd6 Kf3 66.Ke6 Rf4 67.Ke5 Re4+ 68.Kd5 Rf4
69.Ke5 Re4+ 70.Kd5 Rf4  1/2-1/2

[Event "sf ch-NED"]
[Site "Leeuwarden NED"]
[Date "2001.11.17"]
[Round "1.1"]
[White "Span,P"]
[Black "Van der Weide,K"]
[Result "1/2-1/2"]
[WhiteElo "2223"]
[BlackElo "2457"]

1.e4 c5 2.c3 Nf6 3.e5 Nd5 4.d4 cxd4 5.Nf3 Nc6 6.cxd4 d6 7.Bc4 Nb6 8.Bb5 dxe5
9.Nxe5 Bd7 10.Nc3 Nxe5 11.dxe5 Bxb5 12.Nxb5 Qxd1+ 13.Kxd1 O-O-O+ 14.Ke2 Rd5
15.a4 Rxe5+ 16.Be3 Nd5 17.Rac1+ Kb8 18.Rhd1 e6 19.Kf3 Rf5+ 20.Ke2 Re5 21.Kf3 Rf5+
22.Ke2 Re5  1/2-1/2

[Event "ch-NR"]
[Site "Novosibirsk RUS"]
[Date "2001.11.17"]
[Round "5"]
[White "Yudin,S"]
[Black "Bibko,I"]
[Result "1-0"]
[WhiteElo "2337"]
[BlackElo "2238"]

1.e4 c5 2.c3 Nf6 3.e5 Nd5 4.Nf3 Nc6 5.Bc4 Nb6 6.Bb3 g6 7.d3 Bg7 8.a4 Na5
9.Bc2 d5 10.exd6 Qxd6 11.Nbd2 f5 12.O-O e5 13.Nb3 Nc6 14.Be3 Nd7 15.Nbd2 Nf6
16.Nc4 Qe7 17.Re1 O-O 18.Nfxe5 Nxe5 19.Bg5 Qc7 20.Nxe5 Ng4 21.Nxg4 fxg4 22.Qd2 Bf5
23.Bb3+ Kh8 24.Re7 Qc6 25.Bh6 Rg8 26.Bxg8 Rxg8 27.Bxg7+ Rxg7 28.Qe3  1-0

[Event "VII Sreiber Mem"]
[Site "Subotica YUG"]
[Date "2001.11.17"]
[Round "12"]
[White "Savic,Mio1"]
[Black "Jakab,A"]
[Result "1-0"]
[WhiteElo "2464"]
[BlackElo "2369"]

1.e4 c5 2.c3 Nf6 3.e5 Nd5 4.Nf3 Nc6 5.d4 cxd4 6.Bc4 Nb6 7.Bb3 d6 8.exd6 Qxd6
9.O-O g6 10.Na3 a6 11.Ng5 e6 12.Qf3 Qe7 13.Bf4 Bh6 14.Nxe6 Bxf4 15.Nxf4 O-O
16.Nc2 dxc3 17.Qxc3 Bd7 18.Rfe1 Qg5 19.g3 Rac8 20.h4 Qf5 21.Ne3 Qe5 22.Rad1 Qxc3
23.bxc3 Ne5 24.Kg2 Bc6+ 25.Ned5 Nxd5 26.Bxd5 Rfe8 27.Bxc6 Nxc6 28.Rxe8+ Rxe8
29.Rd7 Na5 30.h5 Kg7 31.h6+ Kf6 32.Rc7 Rd8 33.a4 Rd6 34.Rc8 Ke7 35.Nh3 g5
36.Nxg5 Rxh6 37.Rc7+ Kd8 38.Rc5  1-0